000 01022nam0a22002531 4500
001 rc\2771930
005 20260406221921.0
035 _a(NLR Aleph) 006898294
090 _a7220455
_c7220455
100 _a20110915d1941 u y0rusy50 ca
101 0 _arus
102 _aRU
105 _ay z |||||
200 1 _aИнструкция по проектированию установок связи и сигнализации на объектах НКО
_fКвартирно-эксплоатац. упр. Гл. интендант. упр-ния Кр. Армии
210 _aМосква
_cВоениздат
_d1941
215 _a40 с.
_d17 см.
712 0 1 _aСССР
_bКвартирно-эксплоатационное управление Красной Армии
_3RU\NLR\AUTH\889976805
_9450403
801 0 _aRU
_bNLR
_gpsbo
801 1 _aRU
_bELAR
_2rusmarc
852 _aNLR
_jВ60 Г-2/8
942 _cBOOK
945 _aРоссийская национальная библиотека
980 _aNB
980 _aBV